000 00933cam a2200277 i 4500
001 j 67003292
003 DLC
005 20260227111522.0
008 990709s1958 ja a 000 0 jpn
010 _aj 67003292
035 _a(CStRLIN)DCLP99-B8623
040 _aDLC-R
_cDLC-R
_dDLC
050 0 0 _aHM251
_b.S43
066 _c$1
245 0 0 _6880-01
_aShakai shinrigaku /
_cŌi Heiichirō tō kyōcho.
260 _6880-02
_a[Tokyo] :
_bDaiichi Hyōronsha,
_c[1958]
300 _a2, 7, 171 p. :
_bill. ;
_c22 cm.
500 _aIn colophon: Henchosha Katanaga Shigeji.
650 0 _aSocial psychology.
700 1 _6880-03
_aŌi, Heiichirō,
_d1907-
700 1 _6880-04
_aKatanaga, Shigeji,
_d1907-
880 0 0 _6245-01/$1
_a社會心理學 /
_c大居平一郎等共著.
880 _6260-02/$1
_a[Tokyo] :
_b第一評論社,
_c[1958]
880 1 _6700-03/$1
_a大居平一郎,
_d1907-
880 1 _6700-04/$1
_a潟永重次,
_d1907-
999 _c35166
_d35166